The implications of European Green Deal on agricultural systems [abstract] /

Elmentve itt :
Bibliográfiai részletek
Szerzők: Dumitrescu Carmen Simona
Salasan Cosmin
Toader Cosmina Simona
Constantinescu Simona Cristina
Sicoe-Murg Oana Maria
Iosim Iasmina
Stanciu Sorin Mihai
Testületi szerző: 20th Wellmann International Scientific Conference
Dokumentumtípus: Könyv része
Megjelent: Szegedi Tudományegyetem Mezőgazdasági Kar Hódmezővásárhely 2023
Sorozat:Wellmann International Scientific Conference 20
Kulcsszavak:Éghajlati változás - hatása - mezőgazdaság - előadáskivonat, Agrárpolitika - előadáskivonat
Tárgyszavak:
Online Access:http://acta.bibl.u-szeged.hu/84163
LEADER 01389naa a2200313 i 4500
001 acta84163
005 20240320091727.0
008 240320s2023 hu o 1|| eng d
020 |a 978-963-306-924-0 
040 |a SZTE Egyetemi Kiadványok Repozitórium  |b hun 
041 |a eng 
100 1 |a Dumitrescu Carmen Simona 
245 1 4 |a The implications of European Green Deal on agricultural systems   |h [elektronikus dokumentum] :  |b [abstract] /  |c  Dumitrescu Carmen Simona 
260 |a Szegedi Tudományegyetem Mezőgazdasági Kar  |b Hódmezővásárhely  |c 2023 
300 |a 44 
490 0 |a Wellmann International Scientific Conference  |v 20 
650 4 |a Természettudományok 
650 4 |a Föld- és kapcsolódó környezettudományok 
650 4 |a Mezőgazdaság-tudományok 
650 4 |a Mezőgazdaság, erdészet, halászat 
695 |a Éghajlati változás - hatása - mezőgazdaság - előadáskivonat, Agrárpolitika - előadáskivonat 
700 0 1 |a Salasan Cosmin  |e aut 
700 0 1 |a Toader Cosmina Simona  |e aut 
700 0 1 |a Constantinescu Simona Cristina  |e aut 
700 0 2 |a Sicoe-Murg Oana Maria  |e aut 
700 0 2 |a Iosim Iasmina  |e aut 
700 0 2 |a Stanciu Sorin Mihai  |e aut 
711 |a 20th Wellmann International Scientific Conference  |c Hódmezővásárhely  |d 2023. április 3. 
856 4 0 |u http://acta.bibl.u-szeged.hu/84163/1/wellmann_abstracts_2023_044.pdf  |z Dokumentum-elérés